000 00372nam a2200181Ia 4500
100 _aNagarajan/K
650 _aProject Management
250 _a8
942 _cBK
366 _f20
654 _aproject management
245 _aProject Management
260 _bNew Age Int (P) Ltd
_c2017
082 _bNAG
300 _a725
546 _aENGLISH
999 _c25240
_d25240